| 000 | 00973cam a22002771 4500 | ||
|---|---|---|---|
| 001 | 10561 | ||
| 003 | BD-RjUL | ||
| 005 | 20211208234957.0 | ||
| 008 | 140125s1964 iluab b 000 0 eng | ||
| 035 | _a(BD-RjUL)10609 | ||
| 035 | _a(OCoLC)166927 | ||
| 040 |
_aDLC _cODaWU _dOCoLC _dDLC _dBD-RjUL _beng |
||
| 041 | _aeng | ||
| 082 | 0 | 0 |
_a551.31209 _218 _bMAC 1964 |
| 100 | 1 |
_aMarcus, Melvin Gerald. _932648 |
|
| 245 | 1 | 0 |
_aClimate-glacier studies in the Juneau Ice Field region, Alaska / _cMelvin G Marcus. |
| 260 |
_aChicago : _bUniversity of Chicago, Dept. of Geography, _cc1964. |
||
| 300 |
_aix, 128 p. : _billus., maps (1 fold.) ; _c23 cm. |
||
| 490 | 1 |
_aUniversity of Chicago. Dept. of Geography. Research paper _vno. 88 |
|
| 504 | _aBibliography: p. 121-128. | ||
| 650 | 0 |
_aMeteorology _zJuneau Icefield (Alaska and B.C.) _932649 |
|
| 651 | 0 |
_aJuneau Icefield (Alaska and B.C.) _932650 |
|
| 942 |
_2ddc _cBK |
||
| 999 |
_c10561 _d10561 |
||